000 00340nam a2200133Ia 4500
005 20260328104343.0
008 260328s9999||||xx |||||||||||||| ||und||
100 _aDabbs, Peter
245 0 _aProduct Design Styling /
_cPeter Dabbs
260 _bLaurence King
300 _a160 p.
650 _aDISEÑO INDUSTRIAL - ELEMENTOS
942 _cBK
999 _c12185
_d12185